Statistics for Hyrule Compendium Part 1-Creatures

Click here to take the quiz!

General Stats

  • This quiz has been taken 8 times
  • The average score is 15 of 83

Answer Stats

NumberAnswer% Correct
48.{Hyrule} Bass
83%
57.{Armored} Carp
67%
60.{Armored} Porgy
67%
71.{Cold} Darner
67%
2.{Giant} Horse
67%
49.{Hearty} Bass
50%
82.{Hearty} Lizard
50%
51.{Hearty} Salmon
50%
56.{Mighty} Carp
50%
59.{Mighty} Porgy
50%
12.{Mountain} Goat
50%
31.{Red} Sparrow
50%
5.{Stal}horse
50%
68.{Summer}wing Butterfly
50%
72.{Warm} Darner
50%
13.{White} Goat
50%
3.{White} Horse
50%
39.{White} Pigeon
50%
32.{Blue} Sparrow
33%
73.{Electric} Darner
33%
35.{Gold} Sparrow
33%
81.{Hightail} Lizard
33%
1.Horse
33%
61.{Sneaky River} Snail
33%
67.{Winter}wing Butterfly
33%
75.{Bladed} Rhino Beetle
17%
6.Donkey
17%
77.{Energetic} Rhino Beetle
17%
66.Fairy
17%
64.{Ironshell} Crab
17%
4.Lord of the Mountain
17%
43.{Pink} Heron
17%
37.{Rainbow} Pigeon
17%
33.{Rainbow} Sparrow
17%
63.{Razorclaw} Crab
17%
70.{Smother}wing Butterfly
17%
69.{Thunder}wing Butterfly
17%
54.{Voltfin} Trout
17%
42.{Blue-Winged} Heron
0%
29.Blupee
0%
41.Bright-Chested Duck
0%
65.{Bright Eyed} Crab
0%
9.Bushy-Tailed Squirrel
0%
52.{Chillfin} Trout
0%
23.{Cold-Footed} Wolf
0%
30.{Common} Sparrow
0%
47.Cucco
0%
46.Eldin Ostrich
0%
83.{Fireproof} Lizard
0%
19.{Grassland} Fox
0%
25.Great-Horned Rhinoceros
0%
27.{Grizzlemaw} Bear
0%
17.Hateno Cow
0%
62.{Hearty Blueshell} Snail
0%
18.Highland Sheep
0%
26.{Honeyvore} Bear
0%
38.{Hotfeather} Pigeon
0%
79.{Hot-Footed} Frog
0%
28.Hylian Retriever
0%
44.Islander Hawk
0%
21.{Maraudo} Wolf
0%
14.Mountain Buck
0%
40.Mountain Crow
0%
15.Mountain Doe
0%
8.Patricia
0%
11.{Red-Tusked} Boar
0%
74.Restless Cricket
0%
76.{Rugged} Rhino Beetle
0%
7.Sand Seal
0%
34.{Sand} Sparrow
0%
58.{Sanke} Carp
0%
45.Seagull
0%
53.{Sizzlefin} Trout
0%
20.{Snowcoat} Fox
0%
50.{Staminoka} Bass
0%
55.{Stealthfin} Trout
0%
78.Sunset Firefly
0%
24.Tabantha Moose
0%
80.{Tireless} Frog
0%
22.Wasteland Coyote
0%
16.Water Buffalo
0%
10.{Woodland} Boar
0%
36.{Wood} Pigeon
0%

Score Distribution

Percentile by Number Answered

Percent of People with Each Score

Your Score History

You have not taken this quiz